LIBRARY & INFORMATION CENTRE, KCAET, TAVANUR

ONLINE PUBLIC ACCESS CATALOGUE (OPAC)

Structural Steel Design (Record no. 14438)

MARC details
000 -LEADER
fixed length control field 00322nam a22001337a 4500
020 ## - INTERNATIONAL STANDARD BOOK NUMBER
ISBN 9788131511145
082 ## - DEWEY DECIMAL CLASSIFICATION NUMBER
Classification number 624.1834
Item number MAC/ST
100 ## - MAIN ENTRY--AUTHOR NAME
Personal name MacLaughlin,David
100 ## - MAIN ENTRY--AUTHOR NAME
Personal name Estrada,Hector
245 ## - TITLE STATEMENT
Title Structural Steel Design
260 ## - PUBLICATION, DISTRIBUTION, ETC. (IMPRINT)
Place of publication New Delhi
Name of publisher Cengage Learning
Year of publication 2011
300 ## - PHYSICAL DESCRIPTION
Number of Pages 284
942 ## - ADDED ENTRY ELEMENTS (KOHA)
Koha item type Books
Holdings
Withdrawn status Lost status Damaged status Collection code Home library Current library Shelving location Date acquired Source of acquisition Cost, normal purchase price Full call number Accession Number Koha item type
        KAUAET KAUAET General Stacks 30/03/2013 Aman Book Stall, Calicut 250.00 624.1834 MAC/ST 24129 Books
free website counter